000
00204 a2200097 4500
020
_a
9780778786733
041
_a
spa
100
_a
Bobbie Kalman
245
_a
El ciclo de vida de los Tiburones
942
_c
BK
999
_c
14106
_d
14106